[Event "AUTO-OPEN-2812"]
[Site "http://www.queenalice.com/game.php?id=1110710"]
[Date "2012.10.9"]
[Round "1"]
[White "Aguinaldo"]
[Black "hugo2011"]
[Result "1-0"]
[WhiteElo "1759"]
[BlackElo "1703"]

1. e4 e5 2. Nf3 Nc6 3. Bb5 Nge7 4. O-O a6 5. Be2 d5 6. exd5 Qxd5 7. Nc3 Qd8 8.
d3 Bf5 9. Be3 Nd5 10. Nxd5 Qxd5 11. c4 Qe6 12. Ng5 Qg6 13. Bh5 Qd6 14. Nxf7 Qxd3
15. Nxh8+ g6 16. Be2 Qxd1 17. Rfxd1 Bg7 18. Nxg6 Bxg6 19. Rac1 Nb4 20. a3 Nc2
21. Bg4 h5 22. Bf3 Nxe3 23. fxe3 e4 24. Be2 Bxb2 25. Rb1 Bxa3 26. Rxb7 c5 27.
Rd5 Bf7 28. Bxh5 Bxh5 29. Rxh5 Bb2 30. Rxc5 Kd8 31. Rg5 Kc8 32. Rh7 Bf6 33. Rg8+
1-0

[Event "AUTO-INT-2354"]
[Site "http://www.queenalice.com/game.php?id=1111387"]
[Date "2012.10.11"]
[Round "2"]
[White "lafayete2000"]
[Black "hugo2011"]
[Result "1-0"]
[WhiteElo "1708"]
[BlackElo "1651"]

1. e4 e5 2. d4 exd4 3. Qxd4 Nc6 4. Qd1 Nf6 5. Nc3 Bc5 6. Nf3 d6 7. h3 Qe7 8. Bd3
h6 9. Nb5 d5 10. O-O dxe4 11. Re1 Bf5 12. Bc4 Ne5 13. Nxe5 O-O 14. Ng4 Bxg4 15.
hxg4 Rad8 16. Qe2 c6 17. Nc3 h5 18. g5 Ng4 19. Nxe4 Rd4 20. Nxc5 Qxe2 21. Bxe2
h4 22. Bxg4 Rxg4 23. Kh2 Kh7 24. f4 f5 25. Ne6 Re8 26. b3 g6 27. Kh3 Rh8 28. Bb2
Re8 29. Rad1 Rh8 30. Rd7+ Kg8 31. Nc7 Rg3+ 32. Kh2 1-0

[Event "AUTO-INT-2354"]
[Site "http://www.queenalice.com/game.php?id=1111388"]
[Date "2012.10.11"]
[Round "2"]
[White "hugo2011"]
[Black "lafayete2000"]
[Result "0-1"]
[WhiteElo "1666"]
[BlackElo "1695"]

1. e4 d5 2. Nc3 dxe4 3. Nxe4 e5 4. Nf3 Nc6 5. Bb5 Ne7 6. d4 f6 7. Bxc6+ Nxc6 8.
c3 exd4 9. Nxd4 Nxd4 10. Qxd4 Qxd4 11. cxd4 Bb4+ 12. Bd2 Bxd2+ 13. Kxd2 Bf5 14.
Nc5 O-O-O 15. Nb3 Rhe8 16. Rac1 Re4 17. Rc4 b6 18. Kc3 Re2 19. f3 a5 20. Nd2
Rxg2 21. Re1 Rxh2 22. Re7 Bd7 23. Rxg7 b5 24. Rc5 h5 25. Ne4 b4+ 26. Kb3 a4+ 27.
Kxb4 Rxb2+ 28. Ka5 Kb7 29. Rd5 Ra8# 0-1

[Event "AUTO-INT-2354"]
[Site "http://www.queenalice.com/game.php?id=1111391"]
[Date "2012.10.11"]
[Round "2"]
[White "nuage"]
[Black "hugo2011"]
[Result "0-1"]
[WhiteElo "1635"]
[BlackElo "1761"]

1. Nf3 Nc6 2. g3 e5 3. d3 d5 4. Bg5 f6 5. Bd2 Bg4 6. Bg2 Bc5 7. O-O h5 8. c3 g5
9. h3 Bxf3 10. Bxf3 Qd7 11. b4 Bd6 12. Bxd5 Qxh3 13. Bg2 Qg4 14. Na3 h4 15. f3
Qxg3 16. Be1 Qf4 17. Qd2 e4 18. Qxf4 Bxf4 19. fxe4 h3 20. Bh1 Be3+ 21. Kh2 Ne5
22. Bg3 Ng4# 0-1

[Event "AUTO-INT-2354"]
[Site "http://www.queenalice.com/game.php?id=1111392"]
[Date "2012.10.11"]
[Round "2"]
[White "hugo2011"]
[Black "nuage"]
[Result "1-0"]
[WhiteElo "1790"]
[BlackElo "1559"]

1. e4 e6 2. Nf3 d6 3. d4 Be7 4. e5 d5 5. Nc3 Bb4 6. Bd2 Ne7 7. a3 Bxc3 8. Bxc3
O-O 9. Bd3 c6 10. Ng5 f6 11. Nxh7 Nf5 12. Qh5 Nh6 13. Bd2 f5 14. Bxh6 Qe8 15.
Qg5 Rf7 16. Nf6+ 1-0

[Event "AUTO-INT-2354"]
[Site "http://www.queenalice.com/game.php?id=1111395"]
[Date "2012.10.11"]
[Round "2"]
[White "hugo2011"]
[Black "junipero"]
[Result "0-1"]
[WhiteElo "1708"]
[BlackElo "2042"]

1. e4 c5 2. d4 cxd4 3. Qxd4 Nc6 4. Qd1 Nf6 5. Bd3 e5 6. Nc3 d6 7. Nf3 h6 8. Nd5
Bg4 9. h3 Bh5 10. g4 Bg6 11. Bc4 Bxe4 12. Nxf6+ Qxf6 13. g5 Qxf3 14. Qxf3 Bxf3
15. Rg1 hxg5 16. Rg3 Nd4 17. Bd3 e4 18. c3 exd3 19. cxd4 Be4 20. Bxg5 Rc8 21.
Rd1 Rc2 22. Re3 Re2+ 23. Rxe2 dxe2 24. Kxe2 Rxh3 25. Rc1 Bf3+ 26. Kd2 f6 27. Be3
Bc6 28. b4 d5 29. b5 Bxb5 30. Rc8+ Kf7 31. Rc7+ Kg6 32. Rxb7 a6 33. Rb6 Bb4+ 34.
Kc2 Rh1 35. Bd2 Ba4+ 36. Kb2 Bxd2 37. Rxa6 Bb5 38. Ra5 Bc4 39. Rc5 Rf1 40. a4
Rxf2 41. Rc8 Bb4+ 42. Kc1 Ba3+ 43. Kd1 Bb2 44. a5 Bxd4 45. Ra8 Bc3 46. a6 Bd3
47. Re8 Rf1+ 0-1

[Event "AUTO-INT-2354"]
[Site "http://www.queenalice.com/game.php?id=1111396"]
[Date "2012.10.11"]
[Round "2"]
[White "junipero"]
[Black "hugo2011"]
[Result "1-0"]
[WhiteElo "2073"]
[BlackElo "1652"]

1. d4 e6 2. c4 Nf6 3. Nc3 Nc6 4. e3 Bb4 5. Bd2 d5 6. cxd5 exd5 7. a3 Bxc3 8.
bxc3 Ne4 9. Nf3 Bg4 10. Be2 f6 11. O-O Nxd2 12. Qxd2 Qd6 13. h3 h5 14. Qd3 Be6
15. Qg6+ Bf7 16. Qc2 h4 17. Rfb1 O-O-O 18. Qb2 g5 19. Qxb7+ Kd7 20. Bd3 Rb8 21.
Qa6 Rbg8 22. Bf5+ Be6 23. Bd3 g4 24. hxg4 Bxg4 25. Nh2 Bh3 26. Bf1 Bxg2 27. Bxg2
h3 28. f4 Rxg2+ 29. Kh1 Rg3 30. Qe2 f5 31. Rg1 Rhg8 32. Rxg3 Rxg3 33. Qd3 Qg6
34. Qe2 Ne7 35. Nf3 Rg2 36. Qe1 Qh5 37. Ne5+ Kd6 38. Rd1 Ng6 39. Rd2 Nh4 40.
Rxg2 hxg2+ 41. Kg1 a5 42. a4 c5 43. Qd2 c4 44. Qe1 Nf3+ 45. Nxf3 Qxf3 46. Qf2
Qxf2+ 47. Kxf2 g1=Q+ 48. Kxg1 Kc6 49. Kg2 Kd6 50. Kg3 1-0

[Event "AUTO-INT-2376"]
[Site "http://www.queenalice.com/game.php?id=1114380"]
[Date "2012.10.20"]
[Round "2"]
[White "paulouk"]
[Black "hugo2011"]
[Result "0-1"]
[WhiteElo "1572"]
[BlackElo "1725"]

1. d4 d5 2. Nf3 Nc6 3. e3 Bg4 4. Be2 Nf6 5. Nc3 e6 6. a3 Ne4 7. Bd2 Nxc3 8. Bxc3
h6 9. h3 Bf5 10. Bb5 g5 11. Ne5 a6 0-1

[Event "AUTO-INT-2376"]
[Site "http://www.queenalice.com/game.php?id=1114381"]
[Date "2012.10.20"]
[Round "2"]
[White "hugo2011"]
[Black "paulouk"]
[Result "0-1"]
[WhiteElo "1546"]
[BlackElo "1099"]

1. e4 g6 2. b3 Bg7 3. Nc3 e6 4. Bb2 a6 5. Bc4 b5 6. Bd3 Bb7 7. b4 Nc6 8. a3 f5
9. exf5 exf5 10. Nf3 Nge7 11. a4 bxa4 12. O-O O-O 13. b5 Nb4 14. bxa6 Bxf3 15.
Qxf3 Nec6 16. Nxa4 Bxb2 17. Nxb2 Nd4 18. Qd1 Re8 19. c3 Nxd3 20. Nxd3 Qf6 21.
cxd4 Qxd4 22. Qb3+ d5 23. Ra4 Qg7 24. Qxd5+ Kh8 25. f4 Rad8 26. Qf3 Qd7 27. Nc5
Qb5 28. Qc3+ Kg8 0-1

[Event "AUTO-INT-2376"]
[Site "http://www.queenalice.com/game.php?id=1114388"]
[Date "2012.10.20"]
[Round "2"]
[White "joao_messias"]
[Black "hugo2011"]
[Result "1-0"]
[WhiteElo "1847"]
[BlackElo "1679"]

1. e4 e5 2. Nf3 Bc5 3. Be2 Nc6 4. d3 Nf6 5. a3 d5 6. exd5 Qxd5 7. h3 Bb6 8. Nc3
Qd8 9. O-O Nd4 10. Nxe5 Nxe2+ 11. Qxe2 Bf5 12. Nc6+ Kd7 13. Nxd8 Raxd8 14. Qf3
Be6 15. Be3 Kc8 16. Bxb6 axb6 17. Qg3 g6 18. Nb5 Nd5 19. c4 Kb8 20. cxd5 Bxd5
21. Qxc7+ 1-0

[Event "AUTO-INT-2376"]
[Site "http://www.queenalice.com/game.php?id=1114389"]
[Date "2012.10.20"]
[Round "2"]
[White "hugo2011"]
[Black "joao_messias"]
[Result "0-1"]
[WhiteElo "1689"]
[BlackElo "1837"]

1. e4 e5 2. Nf3 d6 3. Nc3 Nf6 4. Bc4 h6 5. b3 Be7 6. d4 exd4 7. Nxd4 Bd7 8. Nf5
Bxf5 9. exf5 O-O 10. Nd5 Nc6 11. Nxf6+ Bxf6 12. g4 Re8+ 13. Be3 Bxa1 14. Qxa1
Ne5 15. Rg1 Nxc4 16. g5 hxg5 17. Rxg5 Rxe3+ 18. fxe3 Qxg5 19. Qc3 Qxe3+ 20. Qxe3
Nxe3 0-1

[Event "AUTO-INT-2362"]
[Site "http://www.queenalice.com/game.php?id=1118295"]
[Date "2012.11.2"]
[Round "2"]
[White "alfonso"]
[Black "hugo2011"]
[Result "1-0"]
[WhiteElo "1526"]
[BlackElo "1581"]

1. e4 e5 2. Nf3 Nc6 3. Bb5 Bc5 4. O-O d5 5. exd5 Qxd5 6. Nc3 Nf6 7. Nxd5 Nxd5 8.
c3 Bg4 9. c4 Nf4 10. Qe1 O-O 11. Ng5 Rfe8 12. h3 Bd7 13. Ne4 Nd3 14. Qe2 Nf4 15.
Qf3 Nd4 16. Qd1 Nde2+ 17. Kh1 Bxb5 18. cxb5 Bd4 19. Qb3 h5 20. h4 a5 21. g3 Nh3
22. Kh2 a4 23. Qf3 Nxc1 24. Raxc1 Bxb2 25. Rc2 Bd4 26. Rxc7 Rf8 27. Kxh3 Bb6 28.
Rxb7 Ra7 29. Rxb6 f5 30. Ng5 e4 31. Qc3 Re7 32. Qa5 f4 33. g4 hxg4+ 34. Kxg4 Rf6
35. Rb8+ Rf8 36. Rb6 1-0

[Event "AUTO-INT-2362"]
[Site "http://www.queenalice.com/game.php?id=1118296"]
[Date "2012.11.2"]
[Round "2"]
[White "hugo2011"]
[Black "alfonso"]
[Result "0-1"]
[WhiteElo "1563"]
[BlackElo "1544"]

1. e4 e5 2. Nf3 f6 3. Bc4 Ne7 4. Nc3 Ng6 5. b3 Nf4 6. d4 Nxg2+ 7. Kf1 Bb4 8. Nd5
Bd6 9. Kxg2 c6 10. Ne3 b5 11. dxe5 Bc5 12. e6 dxe6 13. Bb2 Bd7 14. e5 f5 15. Bd3
f4 16. Nf1 Qe7 17. c4 b4 18. N1d2 O-O 19. Ne4 Bb6 20. a3 c5 21. axb4 cxb4 22.
Nd4 f3+ 23. Nxf3 Rf4 24. Ng3 g6 25. Rg1 Bc6 26. Be2 Na6 27. Rxa6 Rd8 28. Bd3
Bxf3+ 29. Qxf3 Rxf3 30. Kxf3 Qf7+ 31. Ke2 Qd7 32. Rd1 Qf7 33. Ne4 h6 0-1

[Event "AUTO-INT-2362"]
[Site "http://www.queenalice.com/game.php?id=1118299"]
[Date "2012.11.2"]
[Round "2"]
[White "SalsaKing"]
[Black "hugo2011"]
[Result "1-0"]
[WhiteElo "1789"]
[BlackElo "1648"]

1. d4 d5 2. Nf3 Nc6 3. a3 Nf6 4. Nc3 Bg4 5. e3 Bxf3 6. Qxf3 e5 7. dxe5 Nxe5 8.
Bb5+ c6 9. Qf4 Bd6 10. Qa4 cxb5 11. Qxb5+ Qd7 12. O-O Qxb5 13. Nxb5 Nc4 14. b3
Nxa3 15. Bxa3 Bxa3 16. Nc7+ Kd7 17. Nxa8 Rxa8 18. Rxa3 a6 19. Rd1 b5 20. f3 Kc6
21. Rd4 a5 22. c3 Kc5 23. b4+ 1-0

[Event "AUTO-INT-2362"]
[Site "http://www.queenalice.com/game.php?id=1118300"]
[Date "2012.11.2"]
[Round "2"]
[White "hugo2011"]
[Black "SalsaKing"]
[Result "0-1"]
[WhiteElo "1638"]
[BlackElo "1799"]

1. e4 e5 2. Nf3 d6 3. Nc3 Be6 4. d4 exd4 5. Nxd4 Qf6 6. Nd5 Bxd5 7. Nf5 Bc6 8.
Bc4 Bxe4 9. Ne3 a6 10. Nd5 Qd8 11. Bf4 Bxg2 12. Rg1 Bxd5 13. Bxd5 c6 14. Bb3 d5
15. Qe2+ Ne7 16. O-O-O g6 17. Be5 Rg8 18. Bf6 Nd7 19. Bxe7 Qxe7 20. Rge1 f5 21.
Qxe7+ Bxe7 22. c4 dxc4 0-1

[Event "AUTO-INT-2362"]
[Site "http://www.queenalice.com/game.php?id=1118303"]
[Date "2012.11.2"]
[Round "2"]
[White "hugo2011"]
[Black "Nephi_R"]
[Result "0-1"]
[WhiteElo "1626"]
[BlackElo "2106"]

1. e4 d6 2. d4 Nf6 3. Nc3 g6 4. d5 Bg7 5. Nf3 Bg4 6. h3 Bxf3 7. Qxf3 Nbd7 8. Bb5
O-O 9. Bg5 a6 10. Bxd7 Qxd7 0-1